Online Catalogue and eLibrary

A Himalayan Love Story (Record no. 5690)

MARC details
000 -LEADER
fixed length control field 00421nam a2200181Ia 4500
005 - DATE AND TIME OF LATEST TRANSACTION
control field 20241025054158.0
008 - FIXED-LENGTH DATA ELEMENTS--GENERAL INFORMATION
fixed length control field 240331s9999 xx 000 0 und d
020 ## - INTERNATIONAL STANDARD BOOK NUMBER
ISBN 9780143028727
082 ## - DDC Classification
Item Number - Author Mark GOK
Class No. 823
100 ## - MAIN ENTRY--PERSONAL NAME
Personal name Gokhale,N
245 #2 - TITLE STATEMENT
Title A Himalayan Love Story
260 ## - PUBLICATION, DISTRIBUTION, ETC.
Place of publication, distribution, etc. New Delhi
Name of publisher, distributor, etc. Penguin Books India
Date of publication, distribution, etc. 2002
300 ## - PHYSICAL DESCRIPTION
Extent (e.g. Volumes, Pages etc.) 207 p .,
650 ## - SUBJECT ADDED ENTRY--TOPICAL TERM
Topical term or geographic name entry element Love
650 ## - SUBJECT ADDED ENTRY--TOPICAL TERM
Topical term or geographic name entry element Story
650 ## - SUBJECT ADDED ENTRY--TOPICAL TERM
Topical term or geographic name entry element Sexuality
942 ## - Koha item type (Biblio)
Koha item type Books in Stacks (Lending)
Holdings
Lost status Damaged status Collection code Home library Current library Shelving location Date acquired Full call number Accession Number Item type
    Lending WERC Library WERC Library Social Science Cupboard 03/31/2024 823 GOK 6737 Books in Stacks (Lending)

© WERC Library